000 00908nam a2200265 a 4500
001 000014773
005 20240530073917.0
008 100122t2005 dr 000 f spa d
020 _a9945855301
040 _aDO-SdBNP
_bspa
_cBNPHU
082 _aRD863.44
_bC216r
100 1 _aCandelaria, Sélvido,
_d1954-
_933498
245 1 3 _aEl Reino de Santa Cruz /
_cSélvido Candelaria ; edición Clodomiro Moquete.
246 1 1 _a... o la concepción del mundo según Don Mateo
260 _aSanto Domingo :
_bVetas editores,
_c2005.
300 _a199 p. ;
_c21 cm.
490 1 _aVoluntad
_v5
500 _aIncluye datos biográficos del autor en la contracubierta.
590 _aInventariado, 2019/VM
650 0 _aNovela dominicana
_9223
650 0 _aLiteratura dominicana.
_967
700 1 _aMoquete, Clodomiro,
_eed.
_933499
830 0 _aVoluntad
_v5
_933500
910 _aValidado. Control de calidad EMS.
999 _c14356
_d14356